Ausgestorbene Tiere Europas - Karten Quiz - Statistiken

Allgemein
  • Dieses Quiz wurde 55 mal gespielt
    54 seit der letzten Aktualisierung
  • Das Durchschnittsergebnis liegt bei 5 aus 13
Antworten auf der Karte
Die Antworten werden auf der Karte rot bzw. grün angezeigt, abhängig davon wie oft sie richtig erraten wurden.
 
Antwortstatistiken
Antwort % Korrekt
Portugiesischer Steinbock (1892)
81%
Sardischer Pfeifhase (nach 348 v.Chr.)
63%
Wollhaarmammut (vor 4000 Jahren)
58%
Auerochse (1627)
56%
Balearische Riesenspitzmaus (vor 4700-5000 Jahren)
56%
Riesenalk (1844)
47%
Tilos-Zwergelefant (vor 3400-5000 Jahren)
37%
Techirghiol-Stichling (1960er)
28%
St.-Kilda-Hausmaus (1930)
26%
Tarpan (1909)
14%
Tobias-Köcherfliege (1938)
14%
Dünnschnabel-Brachvogel (2006)
9%
Féra (1920)
5%
Keine übereinstimmenden Quizze gefunden
Verteilung der Resultate
Anzahl Personen mit jedem Resultat
Perzentil nach korrekt beantworteten Fragen
Ihre Resultats-Entwicklung
Sie haben dieses Quiz seit der letzten Aktualisierung nicht gespielt